000
00310nam a22001217a 4500
008
181022b xxu||||| |||| 00| 0 eng d
041
_a
eng
080
_a
341
100
_a
15
101
_a
JUR
245
_a
Freedom Of Specech Decisons The United States Supreme Court
_c
Harrison.M,
942
_2
udc
_c
BK
999
_c
50413
_d
50413